Southville International School and Colleges
Your cart is empty.
  • Cart
  • Lists
    Public lists Eva Luna New books Lux_list list_1
    Your lists Log in to create your own lists
  • Log in to your account
  • Your cookies
  • Search history
Southville International School and Colleges
  • Advanced search
  • Recent comments
  • Most popular
  • Libraries

Log in to your account

Log in with GOOGLE


If you do not have an external account, but do have a local account, you can still log in:

  1. Home
  2. MARC view: Warriors of heaven /
Normal view MARC view ISBD view

Warriors of heaven / (Record no. 276952)

[ view plain ]
MARC details
000 -LEADER
fixed length control field 00550nam a22001937a 4500
005 - DATE AND TIME OF LATEST TRANSACTION
control field 20141211162604.0
008 - FIXED-LENGTH DATA ELEMENTS--GENERAL INFORMATION
fixed length control field 141211b xxu||||| |||| 00| 0 eng d
020 ## - INTERNATIONAL STANDARD BOOK NUMBER
International Standard Book Number 9789719344681
050 ## - LIBRARY OF CONGRESS CALL NUMBER
Classification number PS 420
Item number .Ag283 2009
100 ## - MAIN ENTRY--PERSONAL NAME
Personal name Aguilar, Marlene P.
245 ## - TITLE STATEMENT
Title Warriors of heaven /
Statement of responsibility, etc Marlene P. Aguilar.
260 ## - PUBLICATION, DISTRIBUTION, ETC. (IMPRINT)
Place of publication, distribution, etc Manila :
Name of publisher, distributor, etc Jamayco Pub. House,
Date of publication, distribution, etc 2009.
300 ## - PHYSICAL DESCRIPTION
Extent xi, 384 pages :
Other physical details colored illustration ;
Dimensions 24 cm.
650 ## - SUBJECT ADDED ENTRY--TOPICAL TERM
Topical term or geographic name as entry element Rules.
650 ## - SUBJECT ADDED ENTRY--TOPICAL TERM
Topical term or geographic name as entry element Society.
650 ## - SUBJECT ADDED ENTRY--TOPICAL TERM
Topical term or geographic name as entry element U.S. Military.
650 ## - SUBJECT ADDED ENTRY--TOPICAL TERM
Topical term or geographic name as entry element Religion.
942 ## - ADDED ENTRY ELEMENTS (KOHA)
Source of classification or shelving scheme Library of Congress Classification
Koha item type Books
Call number prefix Filipininana
Holdings
Withdrawn status Lost status Source of classification or shelving scheme Damaged status Home library Current library Shelving location Date acquired Source of acquisition Sub Shelving location Total Checkouts Full call number Barcode Date last seen Date checked out Price effective from Koha item type
    Library of Congress Classification   College Library College Library Filipiniana Section 12/11/2014 Donation   2 PS 420 .Ag283 2009 C19039 05/08/2018 10/12/2017 12/11/2014 Books
    Library of Congress Classification   Luxembourg Library Luxembourg Library Filipiniana Section 07/11/2016 Donation     PS 420 .Ag283 2009 20257 07/11/2016   07/11/2016 Books
    Library of Congress Classification   Southville International School Affiliated with Foreign Universities Library Southville International School Affiliated with Foreign Universities Library Southville Foreign University Section 06/26/2020 Donation     PS 420 .Ag283 2009 SFU0959 06/26/2020   06/26/2020 Books

Warriors of heaven /

APA

Aguilar M. P., . (2009). Warriors of heaven. Manila: Jamayco Pub. House.

Chicago

Aguilar Marlene P, . 2009. Warriors of heaven. Manila: Jamayco Pub. House.

Harvard

Aguilar M. P., . (2009). Warriors of heaven. Manila: Jamayco Pub. House.

MLA

Aguilar Marlene P, . Warriors of heaven. Manila: Jamayco Pub. House. 2009.

  • Place hold
  • Print
  • Cite
  • Add to your cart (remove)
  • Save record
    BIBTEX Dublin Core MARCXML MARC (non-Unicode/MARC-8) MARC (Unicode/UTF-8) MARC (Unicode/UTF-8, Standard) MODS (XML) RIS
  • More searches
    Search for this title in:
    Other Libraries (WorldCat) Other Databases (Google Scholar) Online Stores (Bookfinder.com) Open Library (openlibrary.org)

Exporting to Dublin Core...

SOUTHVILLE LIBRARY

Southville International School and Colleges Library

1281 Tropical Ave. Cor. Luxembourg St., BF Homes International, Las Pinas City

Tel. No. 8256374 / 252358 Loc. 117/146

Powered by Koha